Statistics for British Armed Forces Units

Click here to take the quiz!

General Stats

  • This quiz has been taken 30 times
  • The average score is 11 of 26

Answer Stats

Answer% Correct
Special Boat Service
94%
Parachute Regiment
81%
Special Air Service
81%
Grenadier Guards
50%
Irish Guards
50%
Royal Gurkha Rifles
50%
Coldstream Guards
44%
Royal Engineers
44%
Royal Marines
44%
Welsh Guards
44%
Intelligence Corps
38%
Royal Artillery
38%
Royal Electrical Mechanical Engineers
38%
Scotts Guards
38%
Special Reconnaissance Regiment
38%
The Rifles
38%
Army Air Corps
31%
Fleet Air Arm
31%
Household Cavalry
31%
Royal Army Medical Corps
31%
Pathfinder Platoon
25%
Royal Armoured Corps
25%
Royal Lancers
25%
Royal Signals
25%
Submarine Service
25%
King's Royal Hussars
19%

Score Distribution

Percentile by Number Answered

Percent of People with Each Score

Your Score History

You have not taken this quiz